Chinese Goods : (Record no. 138549)

MARC details
000 -LEADER
fixed length control field 00646nam a22001937a 4500
005 - DATE AND TIME OF LATEST TRANSACTION
control field 20230207152951.0
010 ## - LCCN (DPL NO)
LC control number ENG-117635
020 ## - INTERNATIONAL STANDARD BOOK NUMBER
International Standard Book Number 9788193340844
Terms of availability 950.00
035 ## - SYSTEM CONTROL NUMBER
System control number EN-101167
037 ## - SOURCE OF ACQUISITION
Source of stock number/acquisition DABD/PUB
082 ## - DEWEY DECIMAL CLASSIFICATION NUMBER
Classification number 338.0951
245 ## - TITLE STATEMENT
Title Chinese Goods :
Remainder of title India towards economic slavery ? /
Statement of responsibility, etc edited by Archanay Rathore
260 ## - PUBLICATION, DISTRIBUTION, ETC. (IMPRINT)
Place of publication, distribution, etc Gaziabad
Name of publisher, distributor, etc Kanhya Publisher
Date of publication, distribution, etc 2017
270 ## - ADDRESS
Address RTB 158,Royal Tower, Shipra Suncity,Indirapuram
City Gaziabad
Postal code 201010
300 ## - PHYSICAL DESCRIPTION
Extent vii,256p.
Dimensions 22cm(pbk)
500 ## - GENERAL NOTE
General note Includes bibliographical references and index
700 ## - ADDED ENTRY--PERSONAL NAME
Personal name Rathore,Archana
942 ## - ADDED ENTRY ELEMENTS (KOHA)
Source of classification or shelving scheme Dewey Decimal Classification
Item type English Books
Classification part 338.0957
Call number suffix CHI
Holdings
Withdrawn status Lost status Not for loan Home library Current library Date acquired Source of acquisition Cost, normal purchase price Full call number Barcode Copy number Cost, replacement price Koha item type
      Diz Area Diz Area 29/03/2017 DBAD/PUB 950.00 338.0951 CHI EN-101167 1 950.00 English Books

© Delhi Public Library
Hit Counter
free hit counter